Programa de educación para pensar con énfasis en matemática, ciencias e ingeniería en la escuela Fray Ramón Pané: innovación educativa en marcha/
Identifica las bases teóricas del Programa Educación para Pensar con Énfasis en Matemática, Ciencias e Ingeniería se ejecuta con el apoyo del Ministerio de Educación de República Dominicana y el Instituto Tecnológico de Santo Domingo (INTEC). Se elabora la documentación necesaria para favorecer la c...
Na minha lista:
| Autor principal: | |
|---|---|
| Outros Autores: | |
| Formato: | Livro |
| Idioma: | Spanish |
| Assuntos: | |
| Tags: |
Adicionar Tag
Sem tags, seja o primeiro a adicionar uma tag!
|
MARC
| LEADER | 00000nam a22000007a 4500 | ||
|---|---|---|---|
| 003 | cru CIDCACS/IIS | ||
| 005 | 20171103132958.0 | ||
| 007 | ta | ||
| 008 | 170721s2016 dr ||||| |||| 00| 0 spa d | ||
| 999 | |c 19483 |d 19483 | ||
| 040 | |c cru CIDCACS/IIS | ||
| 100 | 1 | |9 5026 |a González Pons, Sandra | |
| 245 | 1 | |a Programa de educación para pensar con énfasis en matemática, ciencias e ingeniería en la escuela Fray Ramón Pané: |b innovación educativa en marcha/ |c Sandra González Pons, Miguel J. Escala | |
| 300 | |a páginas 9-28: |b tabla | ||
| 520 | |a Identifica las bases teóricas del Programa Educación para Pensar con Énfasis en Matemática, Ciencias e Ingeniería se ejecuta con el apoyo del Ministerio de Educación de República Dominicana y el Instituto Tecnológico de Santo Domingo (INTEC). Se elabora la documentación necesaria para favorecer la continuidad del Programa y la eventual replicabilidad del mismo. Además, presenta los resultados de una primera aproximación evaluativa del Programa y divulga sus características y fortalezas. | ||
| 650 | 1 | 0 | |9 5721 |a ENSEÑANZA PRIMARIA |
| 650 | 1 | 0 | |9 982 |a ENSEÑANZA SECUNDARIA |
| 650 | 1 | 0 | |9 2185 |a SISTEMAS DE ENSEÑANZA |
| 650 | 1 | 0 | |9 3377 |a PROGRAMA DE ESTUDIOS |
| 650 | 1 | 0 | |9 5501 |a PEDAGOGIA CRITICA |
| 651 | 1 | 0 | |9 309 |a REPUBLICA DOMINICANA |
| 700 | 1 | |9 5027 |a Escala, Miguel J. | |
| 773 | 0 | |0 19477 |9 1050 |a Instituto Tecnológico de Santo Domingo, INTEC (República Dominicana) |d Santo Domingo, República Dominicana: Instituto Tecnológico de Santo Domingo, 1975- |o 17949 |t Ciencia y Sociedad / |x 03787680 | |
| 942 | |2 ddc |c PP | ||
